| 000 | 00860cam a22002417i 4500 | ||
|---|---|---|---|
| 999 |
_c12855 _d12855 |
||
| 003 | OSt | ||
| 005 | 20240730190002.0 | ||
| 008 | 160329s2016 nyua 001 0 eng d | ||
| 020 | _a9781465444837 | ||
| 042 | _alccopycat | ||
| 050 | 0 | 0 |
_aTR267 _b.A55 2016 |
| 082 | 0 | 4 |
_a770 _223 |
| 100 | 1 |
_aAng, Tom, _eauthor |
|
| 245 | 1 | 0 |
_aDigital photography through the year : _bcapture inspirational images in every season / _cTom Ang. |
| 250 | _a2nd edition. | ||
| 300 |
_a360 pages : _bcolor illustrations ; _c24 cm |
||
| 500 | _aIncludes index. | ||
| 505 | 0 | _aMidwinter -- Late winter -- Early spring -- Mid-spring -- Late spring -- Early summer -- Midsummer -- Late summer -- Early fall -- Mid-fall -- Late fall -- Early winter. | |
| 650 | 0 |
_aPhotography _xDigital techniques. |
|
| 650 | 0 | _aNature photography. | |
| 650 | 0 | _aOutdoor photography. | |
| 942 | _2ddc | ||